| 000 | 00859nam a2200133 4500 | ||
|---|---|---|---|
| 999 |
_c17002 _d17002 |
||
| 082 |
_a398.209597 _bTH305T |
||
| 100 | _aVũ Quang Dũng | ||
| 245 |
_aThiên tình sử trong văn học Việt Nam: Truyện thơ: Quyển 2 _cVũ Quang Dũng biên soạn, giới thiệu |
||
| 260 |
_aH _bHội nhà văn _c2024 |
||
| 300 |
_a479tr. _c21cm |
||
| 520 | _aTuyển chọn các ấn phầm, tác phẩm văn h ọc nghệ thuật được nghiên cứu, khảo sát, sưu tầm của các nhà nghiên cứu dân tộc học, nhân học, văn hoá học, sử học,...đã có để tổng hợp, sáng tạo và xây dựng thành hệ thống tư liệu đảm bảo tính tiện ích cho việc tra cứu, nghiên cứu và khẳng định giá trị bền vững. | ||
| 653 |
_aVăn học dân gian _aDân tộc Tày _aTruyện thơ _aViệt Nam |
||
| 942 |
_2ddc _cSH |
||